000 00219nam a22000977a 4500
999 _c65052
_d65049
082 _a297 س ع ی
100 _aمولینا سعید انصاری
245 _aسیرالصحابیات
300 _a۱۹۵
942 _cBK